Csak a közönség hiányzott a "Kedves virágai a Palócföldnek" című országos prózamondó versenyről

Bibliographic Details
Main Author: Bodzsár, Gyula (Author)
Format: Article
Language:Hungarian
Slovak
Subjects:

MARC

LEADER 00000nab a2200000 a 4500
001 vtls000692703
003 SK-MaSNL
005 20260319075537.0
008 160314c1999 xo 0 hun
015 |a SNBRB1999/04-10571 
035 |a CLN000044870 
040 |a SNKBUCL  |b slo  |c SNKBUCL  |e AACR2 
041 0 |a slo 
044 |a xo  |c SK 
080 |a 82:061.7:06.063:82.085  |2 UDC-MRF-SK2 
080 |a 82.085  |2 UDC-MRF-SK2 
100 1 |a Bodzsár, Gyula  |4 aut  |9 849903 
245 1 0 |a Csak a közönség hiányzott  |b a "Kedves virágai a Palócföldnek" című országos prózamondó versenyről  |c Bodzsár Gyula 
300 |b Fotogr. 
611 1 7 |a Milé kvietky Palóckej zeme  |d 1999  |c Lučenec, Slovensko  |2 snkbucl  |9 889210 
650 0 7 |a amatérsky umelecký prednes  |x súťaže  |2 snkbucl  |9 86390 
651 7 |a 606  |2 snkbucl  |9 392484 
773 0 |t Új szó  |g Roč. 52, č. 92 (22.4.1999), s. 10 
850 |a Slovenská národná knižnica v Martine 
852 |a SNK  |b KIS3GCP 
958 |a HU 
958 |a SK 
958 |a LX 
958 |a RBX 
999 |c 1410147  |d 1412077